Movies Quiz

Random Movies or Actress Quiz

Top Billed Actors On IMDb IV Quiz Stats

 Plays Quiz Updated Aug 29, 2016

Challenge
Share
Tweet
Embed
Score 0/64 Timer 12:00
1 Play Today
Hint Answer % Correct
Austin Powers: GoldmemberMike Myers
91%
Catch Me If You CanLeonardo DiCaprio
90.4%
Good Will HuntingMatt Damon
90.1%
Good Will HuntingRobin Williams
86.1%
Sweeney Todd: TDBOFS*Johnny Depp
85.3%
Catch Me If You CanTom Hanks
83.6%
Batman & Robin (1997)George Clooney
82.5%
Good Will HuntingBen Affleck
78.3%
CasinoRobert De Niro
72.3%
Guardians of the GalaxyChris Pratt
71.8%
MadagascarChris Rock
67.2%
Monsters UniversityJohn Goodman
66.8%
Sweeney Todd: TDBOFS*Helena Bonham Carter
64.2%
Austin Powers: GoldmemberBeyoncé Knowles
64%
The PrestigeChristian Bale
62.9%
Monsters UniversityBilly Crystal
62.7%
MadagascarBen Stiller
61.9%
The Lion KingJames Earl Jones
61.1%
Couples RetreatVince Vaughn
57.8%
Just Go With ItJennifer Aniston
57.4%
The PrestigeHugh Jackman
56.8%
CasinoJoe Pesci
55.5%
Guardians of the GalaxyBradley Cooper
55.2%
Just Go With ItAdam Sandler
52.9%
CasinoSharon Stone
52.5%
Batman & Robin (1997)Arnold Schwarzenegger
51.7%
Guardians of the GalaxyZoe Saldana
50.5%
MadagascarDavid Schwimmer
50.5%
The PrestigeMichael Caine
49.3%
Guardians of the GalaxyVin Diesel
48.9%
Monsters UniversitySteve Buscemi
48.8%
Reservoir DogsHarvey Keitel
48%
Hint Answer % Correct
Batman & Robin (1997)Uma Thurman
47.5%
The World's EndSimon Pegg
46.4%
The Lion KingMatthew Broderick
45.4%
MadagascarJada Pinkett Smith
43%
Batman & Robin (1997)Chris O'Donnell
42.1%
Catch Me If You CanChristopher Walken
41.4%
Reservoir DogsMichael Madsen
39.8%
Reservoir DogsTim Roth
38.6%
The Lion KingJeremy Irons
36.6%
Valentine's DayJulia Roberts
34.5%
The World's EndNick Frost
32.9%
Austin Powers: GoldmemberSeth Green
32%
The PrestigeScarlett Johansson
30.1%
Reservoir DogsChris Penn
25.8%
The World's EndMartin Freeman
25.4%
Couples RetreatJason Bateman
24.1%
Sweeney Todd: TDBOFS*Alan Rickman
23.8%
Just Go With ItNicole Kidman
20%
The Lion KingWhoopi Goldberg
19.3%
Couples RetreatJon Favreau
18.1%
Just Go With ItBrooklyn Decker
16.8%
Good Will HuntingStellan Skarsgård
14.6%
Catch Me If You CanMartin Sheen
12.8%
Valentine's DayAnne Hathaway
12.4%
Couples RetreatMalin Akerman
11.5%
Valentine's DayJessica Alba
11.2%
Monsters UniversityHelen Mirren
10.6%
CasinoJames Woods
9.8%
Valentine's DayJamie Foxx
9.2%
The World's EndRosamund Pike
9.1%
Austin Powers: GoldmemberMichael York
8.2%
Sweeney Todd: TDBOFS*Timothy Spall
6%

You're not logged in!

Compare scores with friends on all Sporcle quizzes.
OR
Log In

You Might Also Like...

Show Comments

Extras

Top Quizzes Today


Score Distribution

Your Account Isn't Verified!

In order to create a playlist on Sporcle, you need to verify the email address you used during registration. Go to your Sporcle Settings to finish the process.

Report this User

Report this user for behavior that violates our Community Guidelines.

Details: